[Event "Zuerich op-B 41st"]
[Site "Zuerich"]
[Date "2017.12.27"]
[Round "2"]
[White "Scheidegger, Andreas"]
[Black "Andjelkovic, Slavoljub"]
[Result "1-0"]
[WhiteElo "2012"]
[BlackElo "1836"]
[PlyCount "102"]
[EventDate "2017.12.26"]
[EventType "swiss"]
[EventRounds "7"]
[EventCountry "SUI"]
[SourceTitle "CBM 182 Extra"]
[Source "ChessBase"]
[SourceDate "2018.02.23"]
[SourceVersion "1"]
[SourceVersionDate "2018.02.23"]
[SourceQuality "1"]

1. e4 c5 2. Nf3 d6 3. d4 cxd4 4. Nxd4 Nf6 5. Nc3 g6 6. Be3 Bg7 7. f3 0-0 8. Qd2 Nc6 9. Bc4 Bd7 10. 0-0-0 Rb8 11. h4 b5 12. Nxc6 Bxc6 13. Bd5 b4 14. Ne2 Bxd5 15. exd5 Qa5 16. Kb1 Rb5 17. Nf4 Bh6 18. Nxg6 fxg6 19. Bxh6 Nxd5 20. Ka1 Nc3 21. bxc3 Rfb8 22. cxb4 Qc7 23. c3 a5 24. a3 d5 25. Rhe1 axb4 26. cxb4 Ra8 27. Kb2 Qc4 28. h5 Ra4 29. Qc2 Rbxb4+ 30. Kc1 Rxa3 31. Qxc4 Rxc4+ 32. Kb2 Rcc3 33. Rd2 Rcb3+ 34. Kc2 Rc3+ 35. Kd1 gxh5 36. Rxe7 h4 37. Rxd5 Rd3+ 38. Rxd3 Rxd3+ 39. Ke2 Ra3 40. Rg7+ Kh8 41. Rg4 Ra2+ 42. Kf1 Ra1+ 43. Ke2 Ra2+ 44. Bd2 h3 45. gxh3 h6 46. f4 Kh7 47. f5 Ra6 48. Bc3 Ra7 49. f6 Ra2+ 50. Kd3 h5 51. Rg7+ Kh8 1-0

[Event "Celerina op 10th"]
[Site "Celerina"]
[Date "2016.05.16"]
[Round "5"]
[White "Scheidegger, Andreas"]
[Black "Moggi, Christoph"]
[Result "1/2-1/2"]
[WhiteElo "1953"]
[BlackElo "1959"]
[PlyCount "65"]
[EventDate "2016.05.14"]
[EventType "swiss"]
[EventRounds "5"]
[EventCountry "SUI"]
[SourceTitle "CBM 172 Extra"]
[Source "ChessBase"]
[SourceDate "2016.06.21"]
[SourceVersion "1"]
[SourceVersionDate "2016.06.21"]
[SourceQuality "1"]

1. e4 c6 2. d4 d5 3. Nc3 dxe4 4. Nxe4 Bf5 5. Ng3 Bg6 6. Nf3 Nd7 7. h4 h6 8. h5 Bh7 9. Bd3 Bxd3 10. Qxd3 Ngf6 11. Bd2 e6 12. 0-0-0 Qc7 13. Ne4 0-0-0 14. Nxf6 Nxf6 15. Qe2 Bd6 16. g3 Rhe8 17. Kb1 e5 18. dxe5 Bxe5 19. Nxe5 Rxe5 20. Qf3 Red5 21. Bc3 Qd7 22. Rxd5 Qxd5 23. Qxd5 Rxd5 24. Bxf6 gxf6 25. Kc1 Kd7 26. Rd1 Ke6 27. Rxd5 Kxd5 28. Kd2 Ke4 29. Ke2 Kf5 30. Kf3 a5 31. a4 b6 32. c4 Ke5 33. Ke3 1/2-1/2

[Event "Celerina op 10th"]
[Site "Celerina"]
[Date "2016.05.15"]
[Round "3"]
[White "Scheidegger, Andreas"]
[Black "Rusconi, Benito"]
[Result "1/2-1/2"]
[WhiteElo "1953"]
[BlackElo "1912"]
[PlyCount "66"]
[EventDate "2016.05.14"]
[EventType "swiss"]
[EventRounds "5"]
[EventCountry "SUI"]
[SourceTitle "CBM 172 Extra"]
[Source "ChessBase"]
[SourceDate "2016.06.21"]
[SourceVersion "1"]
[SourceVersionDate "2016.06.21"]
[SourceQuality "1"]

1. e4 c5 2. Nf3 e6 3. d4 cxd4 4. Nxd4 Nc6 5. Nc3 Qc7 6. Nxc6 bxc6 7. Bd3 Nf6 8. 0-0 Be7 9. f4 0-0 10. e5 Nd5 11. Nxd5 cxd5 12. Be3 g6 13. Qe2 Bb7 14. c3 d6 15. Bd4 dxe5 16. fxe5 Bc5 17. Rf6 Be7 18. Qe3 Kg7 19. Raf1 Rac8 20. h4 Bc5 21. h5 Bxd4 22. cxd4 Bc6 23. Qg3 Qb6 24. Qg4 Bb5 25. Bxg6 Bxf1 26. Bxf7+ Kh8 27. Rxf1 Rc4 28. Rf4 Rxd4 29. Rxd4 Rxf7 30. h6 Qxb2 31. Rb4 Qxe5 32. Qh4 Rf8 33. Qe7 Qe3+ 1/2-1/2

[Event "Zuerich op-B 36th"]
[Site "Zuerich"]
[Date "2012.12.27"]
[Round "2"]
[White "Bounlom, Samyo"]
[Black "Scheidegger, Andreas"]
[Result "1-0"]
[WhiteElo "1873"]
[BlackElo "1996"]
[PlyCount "81"]
[EventDate "2012.12.26"]
[EventType "swiss"]
[EventRounds "7"]
[EventCountry "SUI"]
[SourceTitle "EXT 2019"]
[Source "ChessBase"]
[SourceDate "2018.10.10"]
[SourceVersion "1"]
[SourceVersionDate "2018.10.10"]
[SourceQuality "1"]

1. c4 e5 2. Nc3 Nf6 3. Nf3 Nc6 4. e3 d5 5. cxd5 Nxd5 6. Bb5 Nxc3 7. bxc3 Bd6 8. Qc2 0-0 9. 0-0 Bg4 10. Bxc6 bxc6 11. Qe4 f5 12. Qxc6 Kh8 13. h3 Bxf3 14. gxf3 e4 15. Kh1 exf3 16. Qxf3 Rb8 17. Qg2 Be5 18. Ba3 Re8 19. d4 Bf6 20. Bc5 Qd7 21. Bxa7 Rb2 22. Bc5 Rc2 23. Rfc1 Qa4 24. Rxc2 Qxc2 25. a4 Qxc3 26. Ra3 Qa5 27. Qc6 Rd8 28. Rb3 Qe1+ 29. Kg2 Bh4 30. Rb2 Qc3 31. Qb7 h6 32. Qb4 Qd3 33. Qb7 Qc3 34. Qb3 Qa5 35. Qb4 Qa8+ 36. Qb7 Qa5 37. Rb4 Kh7 38. Qf3 g6 39. Qc6 Rg8 40. Rb7 Qd2 41. Qxc7+ 1-0

[Event "Zuerich op-B 26th"]
[Site "Zuerich"]
[Date "2002.??.??"]
[Round "1"]
[White "Scheidegger, Andreas"]
[Black "Buffat, Pierre Andre"]
[Result "1-0"]
[WhiteElo "2005"]
[BlackElo "1734"]
[PlyCount "57"]
[EventDate "2002.12.26"]
[EventType "swiss"]
[EventRounds "7"]
[EventCountry "SUI"]
[SourceTitle "EXT 2019"]
[Source "ChessBase"]
[SourceDate "2018.10.10"]
[SourceVersion "1"]
[SourceVersionDate "2018.10.10"]
[SourceQuality "1"]

1. e4 e6 2. d4 d5 3. Nc3 Nf6 4. Bg5 Be7 5. Bxf6 Bxf6 6. Qd2 c5 7. dxc5 Bxc3 8. Qxc3 0-0 9. 0-0-0 Qg5+ 10. Kb1 dxe4 11. f3 Nd7 12. fxe4 Qxc5 13. Ne2 b6 14. Qg3 Nf6 15. Nc3 Bb7 16. Bd3 Rac8 17. Rhf1 Qe7 18. e5 Nd5 19. Ne4 Qc7 20. Nd6 Rcd8 21. Bxh7+ Kxh7 22. Rd3 g6 23. Qh4+ Kg7 24. c4 Rh8 25. Qf2 Rd7 26. cxd5 Bxd5 27. Qf6+ Kg8 28. Ne8 Bxa2+ 29. Ka1 1-0